<?xml version="1.0" encoding="UTF-8"?>
<record
    xmlns:xsi="http://www.w3.org/2001/XMLSchema-instance"
    xsi:schemaLocation="http://www.loc.gov/MARC21/slim http://www.loc.gov/standards/marcxml/schema/MARC21slim.xsd"
    xmlns="http://www.loc.gov/MARC21/slim">

  <leader>01490nam2a2200253   4500</leader>
  <controlfield tag="001">RU\NLR\BIBL_A\011840161</controlfield>
  <controlfield tag="005">20250626135908.0</controlfield>
  <datafield tag="035" ind1=" " ind2=" ">
    <subfield code="a">(NLR Aleph) 011840161</subfield>
  </datafield>
  <datafield tag="090" ind1=" " ind2=" ">
    <subfield code="a">12051403</subfield>
    <subfield code="c">12051403</subfield>
  </datafield>
  <datafield tag="100" ind1=" " ind2=" ">
    <subfield code="a">20181019d1888    |||y0rusy50      ca</subfield>
  </datafield>
  <datafield tag="101" ind1="0" ind2=" ">
    <subfield code="a">rus</subfield>
    <subfield code="a">fre</subfield>
  </datafield>
  <datafield tag="102" ind1=" " ind2=" ">
    <subfield code="a">RU</subfield>
  </datafield>
  <datafield tag="105" ind1=" " ind2=" ">
    <subfield code="a">y|||z|||000zy</subfield>
  </datafield>
  <datafield tag="200" ind1="1" ind2=" ">
    <subfield code="a">&#x427;&#x435;&#x442;&#x432;&#x435;&#x440;&#x442;&#x43E;&#x435; &#x441;&#x438;&#x43C;&#x444;&#x43E;&#x43D;&#x438;&#x447;&#x435;&#x441;&#x43A;&#x43E;&#x435; &#x441;&#x43E;&#x431;&#x440;&#x430;&#x43D;&#x438;&#x435; &#x43F;&#x440;&#x438; &#x443;&#x447;&#x430;&#x441;&#x442;&#x438;&#x438; &#x433;-&#x436;&#x438; &#x41D;&#x438;&#x43A;&#x438;&#x442;&#x430;, &#x41B;.&#x421;. &#x410;&#x443;&#x44D;&#x440;&#x430; &#x438; &#x43E;&#x440;&#x43A;&#x435;&#x441;&#x442;&#x440;&#x430; &#x43F;&#x43E;&#x434; &#x443;&#x43F;&#x440;&#x430;&#x432;&#x43B;&#x435;&#x43D;&#x438;&#x435;&#x43C; &#x41B;.&#x421;. &#x410;&#x443;&#x44D;&#x440;&#x430;, &#x432; &#x441;&#x443;&#x431;&#x431;&#x43E;&#x442;&#x443;, 26-&#x433;&#x43E; &#x43D;&#x43E;&#x44F;&#x431;&#x440;&#x44F; 1888 &#x433;&#x43E;&#x434;&#x430;</subfield>
  </datafield>
  <datafield tag="210" ind1=" " ind2=" ">
    <subfield code="d">&#x446;&#x435;&#x43D;&#x437;. 1888</subfield>
    <subfield code="a">&#x411;. &#x43C;.</subfield>
  </datafield>
  <datafield tag="215" ind1=" " ind2=" ">
    <subfield code="a">[3] &#x441;.</subfield>
  </datafield>
  <datafield tag="300" ind1=" " ind2=" ">
    <subfield code="a">&#x427;&#x430;&#x441;&#x442;&#x44C; &#x442;&#x435;&#x43A;&#x441;&#x442;&#x430; &#x444;&#x440;.</subfield>
  </datafield>
  <datafield tag="461" ind1=" " ind2="0">
    <subfield code="1">001RU\NLR\BIBL_A\011840109</subfield>
    <subfield code="1">2001#$a&#x418;&#x43C;&#x43F;&#x435;&#x440;&#x430;&#x442;&#x43E;&#x440;&#x441;&#x43A;&#x43E;&#x435; &#x420;&#x443;&#x441;&#x441;&#x43A;&#x43E;&#x435; &#x43C;&#x443;&#x437;&#x44B;&#x43A;&#x430;&#x43B;&#x44C;&#x43D;&#x43E;&#x435; &#x43E;&#x431;&#x449;&#x435;&#x441;&#x442;&#x432;&#x43E;, &#x421;.-&#x41F;&#x435;&#x442;&#x435;&#x440;&#x431;&#x443;&#x440;&#x433;&#x441;&#x43A;&#x43E;&#x435; &#x43E;&#x442;&#x434;&#x435;&#x43B;&#x435;&#x43D;&#x438;&#x435;, XXX &#x421;&#x435;&#x437;&#x43E;&#x43D;$e&#x43F;&#x440;&#x43E;&#x433;&#x440;&#x430;&#x43C;&#x43C;&#x430;$v[3]</subfield>
    <subfield code="9">12051117</subfield>
    <subfield code="a">&#x420;&#x443;&#x441;&#x441;&#x43A;&#x43E;&#x435; &#x43C;&#x443;&#x437;&#x44B;&#x43A;&#x430;&#x43B;&#x44C;&#x43D;&#x43E;&#x435; &#x43E;&#x431;&#x449;&#x435;&#x441;&#x442;&#x432;&#x43E;. &#x41F;&#x435;&#x442;&#x435;&#x440;&#x431;&#x443;&#x440;&#x433;&#x441;&#x43A;&#x43E;&#x435; &#x43E;&#x442;&#x434;&#x435;&#x43B;&#x435;&#x43D;&#x438;&#x435;</subfield>
    <subfield code="c">&#x421;&#x43F;&#x431;.</subfield>
    <subfield code="d">1888</subfield>
    <subfield code="n">&#x422;&#x438;&#x43F;. &#x420;. &#x413;&#x43E;&#x43B;&#x438;&#x43A;&#x435;</subfield>
    <subfield code="o">&#x43F;&#x440;&#x43E;&#x433;&#x440;&#x430;&#x43C;&#x43C;&#x430;</subfield>
    <subfield code="t">&#x418;&#x43C;&#x43F;&#x435;&#x440;&#x430;&#x442;&#x43E;&#x440;&#x441;&#x43A;&#x43E;&#x435; &#x420;&#x443;&#x441;&#x441;&#x43A;&#x43E;&#x435; &#x43C;&#x443;&#x437;&#x44B;&#x43A;&#x430;&#x43B;&#x44C;&#x43D;&#x43E;&#x435; &#x43E;&#x431;&#x449;&#x435;&#x441;&#x442;&#x432;&#x43E;, &#x421;.-&#x41F;&#x435;&#x442;&#x435;&#x440;&#x431;&#x443;&#x440;&#x433;&#x441;&#x43A;&#x43E;&#x435; &#x43E;&#x442;&#x434;&#x435;&#x43B;&#x435;&#x43D;&#x438;&#x435;, XXX &#x421;&#x435;&#x437;&#x43E;&#x43D;</subfield>
    <subfield code="v">[3]</subfield>
  </datafield>
  <datafield tag="702" ind1=" " ind2="1">
    <subfield code="4">570</subfield>
    <subfield code="7">ca</subfield>
    <subfield code="8">rus</subfield>
    <subfield code="a">&#x41D;&#x438;&#x43A;&#x438;&#x442;&#x430;</subfield>
    <subfield code="b">&#x41B;.-&#x41C;.</subfield>
    <subfield code="f">1872-</subfield>
    <subfield code="g">&#x41B;&#x443;&#x438;&#x437;&#x430;-&#x41C;&#x430;&#x440;&#x433;&#x430;&#x440;&#x438;&#x442;&#x430;</subfield>
    <subfield code="9">196352</subfield>
    <subfield code="3">RU\NLR\AUTH\770196403</subfield>
  </datafield>
  <datafield tag="852" ind1=" " ind2=" ">
    <subfield code="a">NLR</subfield>
    <subfield code="j">18.120.7.428(3)</subfield>
  </datafield>
  <datafield tag="942" ind1=" " ind2=" ">
    <subfield code="c">BOOK</subfield>
  </datafield>
  <datafield tag="980" ind1=" " ind2=" ">
    <subfield code="a">NB</subfield>
  </datafield>
  <datafield tag="995" ind1=" " ind2=" ">
    <subfield code="5">2025-01-31</subfield>
    <subfield code="b">NLR02</subfield>
    <subfield code="c">NLR02</subfield>
    <subfield code="e">RFS</subfield>
    <subfield code="f">11840161-10</subfield>
    <subfield code="k">18.120.7.428(3)</subfield>
    <subfield code="o">0</subfield>
    <subfield code="r">BOOK</subfield>
    <subfield code="s">1812074283_</subfield>
  </datafield>
</record>
